| 000 | 00386pab a2200145 454500 | ||
|---|---|---|---|
| 008 | 180718b2005 xxu||||| |||| 00| 0 eng d | ||
| 100 | _aStone, Clearence N. | ||
| 245 | _aLooking back to look forward: reflections on urban regime analysis | ||
| 260 | _c2005 | ||
| 300 | _ap.809-41. | ||
| 362 | _aJan | ||
| 650 | _aUrban development | ||
| 773 | _aUrban Affairs Review | ||
| 909 | _a64925 | ||
| 999 |
_c64925 _d64925 |
||